000 00308nam a2200133Ia 4500
100 _aBell/David
942 _cBK
654 _aelectronic
245 _aFundamentals of electronic devices
260 _bD.B.Jaraporevala and Sons
_aMumbai
_c1979
082 _a621.38
_bBEL
300 _a467
546 _aENGLISH
999 _c17823
_d17823